000 01062na a2200301 4500
001 22721
003 MIRAKIL
005 20181226092843.0
008 170223b tu n0 0 0
035 _a20919
040 _aMilas
_btur
_cTR-AnCHP
041 _atur
082 _aCHP 050
_bKSP 2015
090 _aARŞİV-KÜLTÜR VE SANAT
222 _aKültür ve Sanat Platformu Bülteni
245 _aKültür ve Sanat Platformu Bülteni
_c[yayınlayan] CHP Kültür ve Sanat Platformu
260 _aAnkara
_bCHP Kültür ve Sanat Platformu
_c2015
300 _ac.
_brnk. res.
_c30 sm.
362 _asayı 1 (Ocak 2015)- sayı 5 (Mayıs 2015)
500 _aSiyasi bülten
610 _aCumhuriyet Halk Partisi (CHP)
_bKültür ve Sanat Platformu
_vSüreli yayınlar
651 _aTürkiye
_xSiyaset ve yönetim
_ySüreli yayınlar
651 _aTürkiye
_xKültür ve sanat
_ySüreli yayınlar
655 _aBülten
710 _aCumhuriyet Halk Partisi (CHP)
_bGençlik Kolları
910 _aDERGİ 176 ARŞİV-KÜLTÜR VE SANAT
942 _2ddc
_cSER
999 _c11343
_d11343